000 00828nas a2200253 4500
001 BR8000871
003 BR-BrBNA
005 20231205084138.0
007 ta
008 230509b bl.|||p| |||| 00| 00por d
040 _aBR-BrBNA
_bpor
_cBiblioteca Nacional de Agricultura
041 _a(Pt)
072 _aL72
100 1 _aLeite, A.V.
245 1 _aResistencia da pulga Pulex irritans (Suctoria, Pulicidae)ao DDT [Inseticida; Nordeste; Brasil]
246 1 _a[Resistance of Pulex irritans (Suctoria, Pulicidae)to DDT [Insecticide; Northeast; Brazil]]
650 _aPraga de animal
650 _aPulga
650 _aInseticida
650 _aNordeste
773 0 _tCaderno Omega (Brazil)
_xISSN 0100-2732
_g(Jan 1979), v. 3(1-2) p. 45-50
_wBR8000871
909 _a202311
_bLúcia
_c55
_dLúcia Elande
942 _2AGRIS
_n0
_cANA
999 _c103407
_d103407